| 000 | 00432cam a2200181ua 4500 | ||
|---|---|---|---|
| 020 | _c3.00 | ||
| 041 |
_ahin _h |
||
| 082 |
_a891.43 _bGAN/DE |
||
| 100 | _aGandhiji, . | ||
| 245 |
_aDelhi dairy / _cGandhiji. _hTextual Documents |
||
| 250 |
_a1 / _b. |
||
| 260 |
_aAhamadabad : _bNavjeevan prakashan mandir , _c1960. |
||
| 300 | _a395 ; . | ||
| 365 | _a3.00 | ||
| 504 | _a | ||
| 999 |
_c12327 _d12327 |
||